Statistics for Oasis Singles

Click here to take the quiz!

General Stats

  • This quiz has been taken 216 times
  • The average score is 16 of 26

Answer Stats

UK Release DateAlbumSingle% Correct
30th October 1995(What's the Story) Morning Glory?Wonderwall
95%
19th February 1996(What's the Story) Morning Glory?Don't Look Back in Anger
92%
11th April 1994Definitely MaybeSupersonic
90%
8th August 1994Definitely MaybeLive Forever
88%
18th August 1995(What's the Story) Morning Glory?Roll With It
78%
10th October 1994Definitely MaybeCigarettes & Alcohol
74%
22nd September 1997Be Here NowStand By Me
73%
18th December 1994-Whatever
72%
24th April 1995(What's the Story) Morning Glory?Some Might Say
71%
13th June 1994Definitely MaybeShakermaker
69%
16th May 2005Don't Believe the TruthLyla
68%
7th July 1997Be Here NowD'You Know What I Mean?
66%
17th June 2002Heathen ChemistryStop Crying Your Heart Out
64%
12 January 1998Be Here NowAll Around The World
62%
7th February 2000Standing on the Shoulder of GiantsGo Let It Out
61%
23rd September 2002Heathen ChemistryLittle By Little/She Is Love
61%
22nd August 2005Don't Believe the TruthThe Importance of Being Idle
61%
3rd February 2003Heathen ChemistrySongbird
60%
15th April 2002Heathen ChemistryThe Hindu Times
55%
1st December 2008Dig Out Your SoulI'm Outta Time
49%
3rd July 2000Standing on the Shoulder of GiantsSunday Morning Call
42%
17th April 2000Standing on the Shoulder of GiantsWho Feels Love?
40%
22nd September 2008Dig Out Your SoulThe Shock of the Lightning
37%
9th March 2009Dig Out Your SoulFalling Down
35%
28th November 2005Don't Believe the TruthLet There Be Love
35%
21st October 2007-Lord Don't Slow Me Down
21%

Score Distribution

Percentile by Number Answered

Percent of People with Each Score

Your Score History

You have not taken this quiz